Teach yourself Visually Microsoft Office 2000 (Record no. 346425)
[ view plain ]
| 000 -LEADER | |
|---|---|
| fixed length control field | 01282 a2200265 4500 |
| 003 - CONTROL NUMBER IDENTIFIER | |
| control field | OSt |
| 005 - DATE AND TIME OF LATEST TRANSACTION | |
| control field | 20180116182816.0 |
| 008 - FIXED-LENGTH DATA ELEMENTS--GENERAL INFORMATION | |
| fixed length control field | 170807b xxu||||| |||| 00| 0 eng d |
| 020 ## - INTERNATIONAL STANDARD BOOK NUMBER | |
| International Standard Book Number | 0764560514 |
| 020 ## - INTERNATIONAL STANDARD BOOK NUMBER | |
| International Standard Book Number | 9780764560514 |
| 040 ## - CATALOGING SOURCE | |
| Transcribing agency | 0 |
| 082 04 - DEWEY DECIMAL CLASSIFICATION NUMBER | |
| Classification number | 005.369 LES 1999 |
| 100 1# - MAIN ENTRY--PERSONAL NAME | |
| Personal name | Maran Graphics. |
| 245 10 - TITLE STATEMENT | |
| Title | Teach yourself Visually Microsoft Office 2000 |
| Statement of responsibility, etc. | Maran Graphics. |
| Remainder of title | The Fast and Easy Way to Learn |
| 250 ## - EDITION STATEMENT | |
| Edition statement | 1st ed. |
| 260 ## - PUBLICATION, DISTRIBUTION, ETC. | |
| Place of publication, distribution, etc. | [S.l.] : |
| Name of publisher, distributor, etc. | Visual, |
| Date of publication, distribution, etc. | 1999. |
| 300 ## - PHYSICAL DESCRIPTION | |
| Extent | 397 p. ; |
| Dimensions | 23 cm. |
| Other physical details | pb. |
| 440 ## - SERIES STATEMENT/ADDED ENTRY--TITLE | |
| Title | Teach yourself Visually Microsoft Office 2000 |
| 500 ## - GENERAL NOTE | |
| General note | Paperback. |
| 520 ## - SUMMARY, ETC. | |
| Summary, etc. | Read less and learn more. Teach Yourself Microsoft® Office 2000 VISUALLY™ makes understanding the basics of this powerful suite of programs easy and fun. The book features beautiful 3D drawings that fully illustrate each topic. You also find clear, concise, and jargon-free descriptions, time-saving advice, and two-page color spreads that provide complete coverage of key topic |
| 700 ## - ADDED ENTRY--PERSONAL NAME | |
| Personal name | maranGraphic |
| 856 ## - ELECTRONIC LOCATION AND ACCESS | |
| Materials specified | Amazon.com |
| Uniform Resource Identifier | <a href="http://www.amazon.com/exec/obidos/ASIN/0764560514/chopaconline-">http://www.amazon.com/exec/obidos/ASIN/0764560514/chopaconline-</a> |
| 856 ## - ELECTRONIC LOCATION AND ACCESS | |
| Materials specified | Amazon customer reviews |
| Uniform Resource Identifier | <a href="http://www.chopac.org/cgi-bin/tools/azrev.pl?q=07645605">http://www.chopac.org/cgi-bin/tools/azrev.pl?q=07645605</a> |
| 942 ## - ADDED ENTRY ELEMENTS (KOHA) | |
| Institution code [OBSOLETE] | NBS |
| Koha item type | Book |
| Call number prefix | 005.369 LES 1999 |
| Source of classification or shelving scheme | |
| Withdrawn status | Lost status | Damaged status | Not for loan | Permanent Location | Current Location | Shelving location | Date acquired | Total Checkouts | Full call number | Barcode | Date last seen | Date last checked out | Price effective from | Koha item type |
|---|---|---|---|---|---|---|---|---|---|---|---|---|---|---|
| Central Library (CL) | Central Library (CL) | First Floor - Software Engineering/ Programming Language | 08/28/2013 | 2 | 005.369 LES | NBS4139 | 11/05/2020 | 08/08/2017 | 08/28/2013 | Book |
